Pays frontaliers de l'Algérie - Statistiques

Statistiques générales
  • Ce quiz a été pris 104 fois
  • Le résultat moyen est 6 sur 7
Statistiques - réponses
Longueur de la frontière Pays % Correct
1386 km Maroc
100%
1 034 km Tunisie
99%
1 359 km Mali
92%
989 km Libye
91%
463 km Mauritanie
88%
951 km Niger
86%
41 km Sahara Occidental
24%
Aucun quiz correspondant
Distribution des résultats
% des personnes avec chaque résultat
Percentile par nombre de réponses
Votre historique - résultats
Vous n’avez pas pris ce quiz